Catalog

Record Details

Catalog Search



12 klíčů k důsledné výchově  Cover Image Book Book

12 klíčů k důsledné výchově / Ronald G. Morrish ; [z anglického originálu ... přeložil Lubor Švejnar]

Record details

  • ISBN: 80-7178-786-8
  • Physical Description: 135 s. : il. ; 20 cm
  • Edition: Vyd. 1.
  • Publisher: Praha : Portál, 2003
Subject: výchova dítěte
child rearing
Genre: příručky
handbooks and manuals

Available copies

  • 2 of 2 copies available at Common Catalog SPOK.

Holds

  • 0 current holds with 2 total copies.
Show Only Available Copies
Location Call Number / Copy Notes Barcode Shelving Location Status Due Date
ETS Library 649.1 424470012468 Volný výběr Available -
Jabok Library Ped-7.2.1 424480014509 Odborná literatura Available -

LDR 01434nam a2200397 a 4500
00158
003CZ-PrJAB
00520220629081127.0
007tu
008031119s2003 xr a e 000 0 cze
015 . ‡acnb001287572
020 . ‡a80-7178-786-8 ‡q(brož.) : ‡cKč 179,00
035 . ‡a(CZ PrNK)cpk20031287572
035 . ‡a(OCoLC)56870769
040 . ‡aABA001 ‡bcze
0411 . ‡acze ‡heng
072 7. ‡a37 ‡xVýchova a vzdělávání ‡2Konspekt ‡922
080 . ‡a37.03-053.2 ‡2MRF
080 . ‡a(035) ‡2MRF
1001 . ‡aMorrish, Ronald G. ‡q(Ronald Graham), ‡d1948- ‡7xx0016835 ‡4aut
24510. ‡a12 klíčů k důsledné výchově / ‡cRonald G. Morrish ; [z anglického originálu ... přeložil Lubor Švejnar]
2463 . ‡aDvanáct klíčů k důsledné výchově
250 . ‡aVyd. 1.
260 . ‡aPraha : ‡bPortál, ‡c2003
300 . ‡a135 s. : ‡bil. ; ‡c20 cm
4901 . ‡aRádci pro rodiče a vychovatele
65007. ‡avýchova dítěte ‡7ph127420 ‡2czenas
65009. ‡achild rearing ‡2eczenas
655 7. ‡apříručky ‡7fd133209 ‡2czenas
655 9. ‡ahandbooks and manuals ‡2eczenas
7001 . ‡aŠvejnar, Lubor ‡4trl
7650 . ‡tSecrets of discipline for parents & teachers ‡9Česky
830 0. ‡aRádci pro rodiče a vychovatele
910 . ‡aABG312
910 . ‡aABG450
995 . ‡aska
901 . ‡a58 ‡bCZ-PrJAB ‡c58 ‡tbiblio

Additional Resources